| 000 | 00672nam a2200193Ia 4500 | ||
|---|---|---|---|
| 008 | 151121s9999||||xx |||||||||||||| ||und|| | ||
| 082 | _a910/जोशी | ||
| 082 | _bHNW-16948 | ||
| 100 | _aजोशी श्रीपाद | ||
| 245 | _aचिनारच्या छायेत | ||
| 260 | _b"सुविचार प्रकाशन मंडळ लि।, नागपूर।" | ||
| 260 | _c-- | ||
| 300 | _a173 | ||
| 600 | _aजोशी श्रीपाद | ||
| 630 | _aचिनारच्या छायेत | ||
| 700 | _aजोशी श्रीपाद | ||
| 730 | _aचिनारच्या छायेत | ||
| 942 | _cBOOK | ||
| 999 |
_c1219552 _d1219549 |
||